00000000nas##2200000za#4500
0019.509191
003CaOODSP
00520200331214011
007ta
008150406c1999||||xxc|| m #||||f|   |0fre|d
040 |aCaOODSP|bfre
041 |aeng
041 |afre
043 |an-cn---
0861 |aCS96-2
24500|a96 Recensement: Série des profils de secteurs : |bProfils des secteurs de recensement
260 |aOttawa - Ontario : |bStatistique Canada.
500 |a«Cette série donne un aperçu statistique, ou un profil, des régions géographiques. La série examine un grand nombre de variables du recensement à un niveau relativement peu détaillé. Les profils de secteurs sont composés de données basées sur l'échantillon de 20% à l'exception de l'âge, le sexe et l'état matrimonial qui sont basés sur 100%.» Données de catalogage avant publication (Canada) imprimées dans ces publications.
5203 |aCette série donne un aperçu statistique, ou un profil, des régions géographiques. La série examine un grand nombre de variables du recensement à un niveau relativement peu détaillé. Les profils de secteurs sont composés de données basées sur l'échantillon de 20% à l'exception de l'âge, le sexe et l'état matrimonial qui sont basés sur 100%
563 |aCouverture souple
7101 |aCanada.|bStatistique Canada. |bRecensement.
791 |t96 Census: Area profile series : |eeng|w(CaOODSP)9.509190